000 00646nam a2200241Ia 4500
003 OSt
005 20221005031630.0
006 a|||||r|||| 00| 0
007 ta
008 221004b |||||||| |||| 00| 0 tam d
024 _a63585
037 _cTextual
040 _aCRL
_cCRL
_btam
041 _2tam
_atam
082 _aO31,3NVEN1,4, K0
100 _aV.Venugopalan Ed.
_9584059
245 0 _aKundalkesi
260 _aChennai
_bKalaimagal Pathippagam India
_c1960
300 _a316p.
_ccm.
650 _aTAMIL LITERATURE
942 _hO31,3NVEN1,4, K0
_cTEXL
_2cc
999 _c938146
_d938146